|
|
|
|
| LEADER |
00666cam a2200193 7i4500 |
| 001 |
0000022315 |
| 005 |
20090205090000.0 |
| 090 |
0 |
0 |
|a M 338.7
|b MAL
|
| 245 |
0 |
0 |
|a Malaysian Industrial Development Authority (MIDA).
|
| 260 |
0 |
0 |
|a Kuala Lumpur:
|b Malaysian Industrial Development Authority,
|c 2008.
|
| 300 |
# |
# |
|a 34 p.
|
| 650 |
0 |
0 |
|a Business --
|z Malaysia
|
| 650 |
0 |
0 |
|a Investments --
|z Malaysia
|
| 650 |
0 |
0 |
|a Taxation --
|z Malaysia
|
| 650 |
0 |
0 |
|a Transportation --
|z Malaysia
|
| 650 |
0 |
0 |
|a Doing business --
|z Malaysia
|
| 651 |
0 |
0 |
|a Malaysia
|
| 999 |
|
|
|a 0000022857
|b Book
|c Malaysia
|e Business Information Centre
|
| 999 |
|
|
|a 0000022856
|b Book
|c Malaysia
|e Business Information Centre
|